| 000 | 00639nam a2200229 4500 | ||
|---|---|---|---|
| 001 | 44772 | ||
| 010 | _a9727951317 | ||
| 021 | _b232351/05 | ||
| 090 | _a44772 | ||
| 100 | _a20070109d2005 m y0pory5003 ba | ||
| 101 | 0 | _apor | |
| 102 | _aPT | ||
| 200 | 1 |
_aOs ratos _fDyonelio Machado _gposf. Ettore Finazzi-Agrò |
|
| 205 | _a[1.ª ed.] | ||
| 210 | 9 |
_aLisboa _cCotovia, _d2005 |
|
| 215 |
_a173, [3] p. _d21 cm |
||
| 225 | 2 |
_aCurso breve de literatura brasileira _v7 |
|
| 675 |
_a821.134.3(81)-31"19" _vBN _zpor |
||
| 700 | 1 |
_aMachado, _bDyonelio, _f1895-1985 |
|
| 702 | 1 |
_aFinazzi-Agró, _bEttore, _f1950- _4075 |
|
| 801 | 0 |
_aPT _bBN _gRPC |
|
| 990 | _cLIVROS | ||